Pokémon Signature Moves - Statistics

General Stats
  • This quiz has been taken 605 times
    52 since last reset
  • The average score is 108 of 201
Answer Stats
Pokémon Move % Correct
Pikachu line Volt Tackle
97%
Primeape/Annihilape Rage Fist
88%
Yveltal Oblivion Wing
81%
Dialga Roar of Time
81%
Crowned Sword Zamazenta Behemoth Bash
78%
Crowned Sword Zacian Behemoth Blade
78%
Cubone line Bonemerang
78%
Xerneas Geomancy
78%
Arceus Judgement
78%
Cinderace Pyro Ball
78%
Smeargle Sketch
78%
Palkia Spacial Rend
78%
Victini V-Create
78%
Lycanroc Accelerock
75%
Vespiquen Attack Order
75%
Toucannon Beak Blast
75%
Rayquaza Dragon Ascent
75%
Hawlucha Flying Press
75%
Klink line Gear Grind
75%
Kadabra/Alakazam Kinesis
75%
Chansey/Blissey Softboiled
75%
Lugia Aeroblast
72%
Quaquaval Aqua Step
72%
Cubone line Bone Club
72%
Darkrai Dark Void
72%
Dragapult Dragon Darts
72%
Rillaboom Drum Beating
72%
Meowscarada Flower Trick
72%
Aegislash King's Shield
72%
Oricorio Revelation Dance
72%
Keldeo Secret Sword
72%
Galarian Slowbro Shell Side Arm
72%
Inteleon Snipe Shot
72%
Skeledirge Torch Song
72%
Chatot Chatter
69%
Vespiquen Defend Order
69%
Eternatus Dynamax Cannon
69%
Reshiram Fusion Flare
69%
Jynx line Lovely Kiss
69%
Lunala Moongeist Beam
69%
Kyogre Origin Pulse
69%
Groudon Precipice Blades
69%
Urshifu Rapid Strike Style Surging Strikes
69%
Zygarde Thousand Arrows
69%
Tsareena Trop Kick
69%
Toxapex Baneful Bunker
66%
Diancie Diamond Storm
66%
Melmetal Double Iron Bash
66%
Regidrago Dragon Energy
66%
Zekrom Fusion Bolt
66%
Tinkaton Gigaton Hammer
66%
Tandemaus line Population Bomb
66%
Turtonator Shell Trap
66%
Solgaleo Sunsteel Strike
66%
Hisuian Decidueye Triple Arrows
66%
Hisuian Electrode Chloroblast
63%
Kommo-o Clangorous Soul
63%
Porygon line Conversion
63%
Porygon line Conversion 2
63%
Kyurem Glaciate
63%
Vespiquen Heal Order
63%
Gholdengo Make It Rain
63%
Falinks No Retreat
63%
Zeraora Plasma Fists
63%
Deoxys Psycho Boost
63%
Naclstack/Garganacl Salt Cure
63%
Alolan Marowak Shadow Bone
63%
Decidueye Spirit Shackle
63%
Galarian Zapdos Thunderous Kick
63%
Urshifu Single Strike Style Wicked Blow
63%
Calyrex Shadow Rider Astral Barrage
59%
Partner Eevee Baddy Bad
59%
Exeggcute line Barrage
59%
Jirachi Doom Desire
59%
Blacephalon Mind Blown
59%
Mewtwo Psystrike
59%
Tauros Raging Bull
59%
Giratina Shadow Force
59%
Galarian Weezing Strange Steam
59%
Genesect Techno Blast
59%
Pumpkaboo line Trick-or-Treat
59%
Ceruledge Bitter Blade
56%
Bloodmoon Ursaluna Blood Moon
56%
Reshiram Blue Flare
56%
Zekrom Bolt Strike
56%
Hisuian Samurott Ceaseless Edge
56%
Kommo-o Clanging Scales
56%
Cinderace Court Change
56%
Sneasler Dire Claw
56%
Eternatus Eternabeam
56%
Galarian Articuno Freezing Glare
56%
Calyrex Ice Rider Glacial Lance
56%
Flapple Grav Apple
56%
Hoopa Unbound Hyperspace Fury
56%
Zarude Jungle Healing
56%
Eternal Flower Floette Light of Ruin
56%
Latios Luster Purge
56%
Tapus Nature's Madness
56%
Toxtricity Overdrive
56%
Volcanion Steam Eruption
56%
Kleavor Stone Axe
56%
Regieleki Thunder Cage
56%
Tornadus Bleakwind Storm
53%
Archaludon Electro Shot
53%
Galarian Moltres Fiery Wrath
53%
Magearna Fleur Cannon
53%
Phantump line Forest's Curse
53%
Oranguru Instruct
53%
Palafin Jet Punch
53%
Cresselia Lunar Dance
53%
Heatran Magma Storm
53%
Sinistcha Matcha Gotcha
53%
Latias Mist Ball
53%
Obstagoon Obstruct
53%
Meloetta Relic Song
53%
Shaymin Seed Flare
53%
Zygarde Thousand Waves
53%
Raging Bolt Thunderclap
53%
Hisuian Lilligant Victory Dance
53%
Koraidon Collision Course
50%
Baxcalibur Glaive Rush
50%
Hisuian Typhlosion Infernal Parade
50%
Ogerpon Ivy Cudgel
50%
Kingambit Kowtow Cleave
50%
Silvally Multi-Attack
50%
Mega Zygarde Nihil Light
50%
Stantler line Psyshield Bash
50%
Treasures of Ruin Ruination
50%
Landorus Sandsear Storm
50%
Sandygast line Shore Up
50%
Dhelmise Anchor Shot
47%
Appletun Apple Acid
47%
Armarouge Armor Cannon
47%
Morpeko Aura Wheel
47%
Hisuian Zorua line Bitter Malice
47%
Slowking Chilly Reception
47%
Black Kyurem Freeze Shock
47%
Bouffalant Head Charge
47%
Hoopa Confined Hyperspace Hole
47%
White Kyurem Ice Burn
47%
Zygarde Land's Wrath
47%
Coalossal Tar Shot
47%
Girafarig line Twin Beam
47%
Partner Pikachu Zippy Zap
47%
Qwilfish line Barb Barrage
44%
Zygarde Core Enforcer
44%
Regigigas Crush Grip
44%
Alcremie Decorate
44%
Hisuian Braviary Esper Wing
44%
Comfey Floral Healing
44%
Cresselia Lunar Blessing
44%
Partner Eevee Sizzly Slide
44%
Partner Pikachu Splishy Splash
44%
Phione/Manaphy Take Heart
44%
Terapagos Tera Starstorm
44%
Wugtrio Triple Dive
44%
Miraidon Electro Drift
41%
Walking Wake Hydro Steam
41%
Dunsparce line Hyper Drill
41%
Dondozo Order Up
41%
Necrozma Photon Geyser
41%
Marshadow Spectral Thief
41%
Partner Eevee Bouncy Bubble
38%
Pawmot Double Shock
38%
Veluza Fillet Away
38%
Partner Pikachu Floaty Fall
38%
Espathra Lumina Crash
38%
Dipplin/Hydrapple Syrup Bomb
38%
Spinarak line Toxic Thread
38%
Thundurus Wildbolt Storm
38%
Hisuian Avalugg Mountain Gale
34%
Partner Pikachu Pika Papow
34%
Partner Eevee Sappy Seed
34%
Galarian Stunfisk Snap Trap
34%
Iron Crown Tachyon Cutter
34%
Polteageist Teatime
34%
Partner Eevee Veevee Volley
34%
Partner Eevee Buzzy Buzz
31%
Partner Eevee Glitzy Glow
31%
Sirfetch'd Meteor Assault
31%
Iron Leaves Psyblade
31%
Goomy line Shelter
31%
Scovillain Spicy Extract
31%
Enamorus Springtide Storm
31%
Gouging Fire Burning Bulwark
28%
Grafaiai Doodle
28%
Klefki Fairy Lock
28%
Hydrapple Fickle Beam
28%
Pecharunt Malignant Chain
28%
Iron Boulder Mighty Cleave
28%
Lake Trio Mystical Power
28%
Victini Searing Shot
28%
Partner Eevee Sparkly Swirl
25%
Galarian Slowking Eerie Spell
22%
Morgrem/Grimmsnarl False Surrender
22%
Partner Eevee Freezy Frost
22%
Necrozma Prismatic Laser
22%
Spidops Silk Trap
22%
Varoom line Spin Out
22%
Hatterene Magic Powder
16%
Pyukumuku Purify
13%
No matching quizzes found
Score Distribution
Percent of People with Each Score
Percentile by Number Answered
Your Score History
You have not taken this quiz since the last reset